000 00433nam a2200181Ia 4500
005 20250603145640.0
008 250603s9999 xx 000 0 und d
020 _a9780814348550
050 _aPN 1993.4 .R43/
100 _aedited by Lucy Fischer
245 0 _aRecollecting collecting
260 _aDetroit
260 _bWayne State University Press
260 _c2023
300 _a292 p
650 _aDetroit
942 _cBK
999 _c42451
_d42451